[Event "BEL-chT 0910"]
[Site "Belgium"]
[Date "2010.02.07"]
[Round "8"]
[White "Van de Bourry, Daniel"]
[Black "Peleman, Tony"]
[Result "0-1"]
[WhiteElo "2075"]
[BlackElo "2085"]
[PlyCount "74"]
[EventDate "2009.09.27"]
[EventType "team-tourn"]
[EventRounds "11"]
[EventCountry "BEL"]
[SourceTitle "EXT 2011"]
[Source "ChessBase"]
[SourceDate "2010.11.26"]
[SourceVersion "1"]
[SourceVersionDate "2010.11.26"]
[SourceQuality "1"]
[WhiteTeam "Aalter"]
[BlackTeam "Borgerhout"]
[WhiteTeamCountry "BEL"]
[BlackTeamCountry "BEL"]

1. e4 c5 2. c3 Nf6 3. e5 Nd5 4. d4 cxd4 5. cxd4 e6 6. Nc3 Nxc3 7. bxc3 b6 8. Nf3 Bb7 9. Bd3 Qc7 10. Bd2 d6 11. 0-0 Nd7 12. Re1 Rc8 13. exd6 Bxd6 14. h3 Bd5 15. Ng5 Nf6 16. Qa4+ Bc6 17. Qb3 0-0 18. Rac1 h6 19. Ne4 Nxe4 20. Bxe4 Bxe4 21. Rxe4 Qc4 22. Rce1 Rfd8 23. Rg4 Bf8 24. Rg3 g6 25. Qb1 Kh7 26. h4 Rd5 27. Rxe6 Rb5 28. Qc2 Qxe6 29. Re3 Qc4 30. Rf3 Ra5 31. Qe4 Qxa2 32. Qb7 Qb1+ 33. Kh2 Bd6+ 34. Rg3 Rc7 35. Qb8 Ra1 36. Kh3 Qf5+ 37. Kh2 Qxf2 0-1

[Event "BEL-chT 0910"]
[Site "Belgium"]
[Date "2009.11.08"]
[Round "3"]
[White "Van de Bourry, Daniel"]
[Black "Alienkin, Aleksander"]
[Result "0-1"]
[WhiteElo "2075"]
[BlackElo "2402"]
[PlyCount "75"]
[EventDate "2009.09.27"]
[EventType "team-tourn"]
[EventRounds "11"]
[EventCountry "BEL"]
[SourceTitle "EXT 2011"]
[Source "ChessBase"]
[SourceDate "2010.11.26"]
[SourceVersion "1"]
[SourceVersionDate "2010.11.26"]
[SourceQuality "1"]
[WhiteTeam "Aalter"]
[BlackTeam "KSK47 Eynatten"]
[WhiteTeamCountry "BEL"]
[BlackTeamCountry "BEL"]

1. e4 e6 2. d4 d5 3. e5 c5 4. Nc3 Nc6 5. Nf3 cxd4 6. Nb5 Bc5 7. a3 f6 8. Bf4 g5 9. b4 gxf4 10. bxc5 Qa5+ 11. Nd2 Nxe5 12. Qh5+ Ke7 13. Kd1 d3 14. a4 Bd7 15. Nb3 Qb4 16. N5d4 Bxa4 17. Qh3 dxc2+ 18. Kc1 Bd7 19. Nxc2 Qe4 20. Ncd4 f3 21. gxf3 Qf4+ 22. Kb2 Nc6 23. Nc2 Qe5+ 24. Kb1 d4 25. Nc1 Qxc5 26. Qg3 Qg5 27. Bc4 Qxg3 28. hxg3 Nh6 29. Re1 Nf5 30. Nd3 e5 31. f4 Kd6 32. g4 Nh4 33. g5 Nf3 34. Re2 fxg5 35. fxg5 Nxg5 36. Na3 Bf5 37. Nb5+ Kd7 38. Rd2 0-1

[Event "BEL-chT 0910"]
[Site "Belgium"]
[Date "2009.10.18"]
[Round "2"]
[White "Plumanns, Dieter"]
[Black "Van de Bourry, Daniel"]
[Result "1/2-1/2"]
[WhiteElo "2134"]
[BlackElo "2075"]
[PlyCount "46"]
[EventDate "2009.09.27"]
[EventType "team-tourn"]
[EventRounds "11"]
[EventCountry "BEL"]
[SourceTitle "EXT 2011"]
[Source "ChessBase"]
[SourceDate "2010.11.26"]
[SourceVersion "1"]
[SourceVersionDate "2010.11.26"]
[SourceQuality "1"]
[WhiteTeam "KSK Rochade"]
[BlackTeam "Aalter"]
[WhiteTeamCountry "BEL"]
[BlackTeamCountry "BEL"]

1. d4 d5 2. c4 Bf5 3. Nc3 e6 4. Nf3 Nc6 5. Bf4 Nf6 6. e3 a6 7. Rc1 Ne4 8. cxd5 exd5 9. a3 Nxc3 10. Rxc3 Bd6 11. Qb3 Bxf4 12. exf4 0-0 13. Qxb7 Re8+ 14. Be2 Na5 15. Qxc7 Qxc7 16. Rxc7 Bd3 17. Ne5 Bxe2 18. Kxe2 f6 19. Rhc1 fxe5 20. dxe5 Nb3 21. Rd1 d4 22. Rd3 Rab8 23. Rg3 g6 1/2-1/2

[Event "BEL-chT2 0304"]
[Site "Belgium"]
[Date "2004.02.15"]
[Round "9"]
[White "Werksma, Arie"]
[Black "Van de Bourry, Daniel"]
[Result "1-0"]
[WhiteElo "2218"]
[BlackElo "2164"]
[PlyCount "47"]
[EventDate "2003.12.01"]
[EventType "team-tourn"]
[EventRounds "11"]
[EventCountry "BEL"]
[SourceTitle "EXT 2005"]
[Source "ChessBase"]
[SourceDate "2004.11.15"]
[SourceVersion "1"]
[SourceVersionDate "2004.11.15"]
[SourceQuality "1"]
[WhiteTeam "Deurne"]
[BlackTeam "Oostende"]
[WhiteTeamCountry "BEL"]
[BlackTeamCountry "BEL"]

1. e4 c5 2. Nf3 a6 3. c3 d5 4. exd5 Qxd5 5. d4 Nf6 6. Be3 cxd4 7. cxd4 e6 8. Nc3 Qd6 9. Bd3 Be7 10. 0-0 0-0 11. Ne5 Rd8 12. Qf3 Nbd7 13. Nc4 Qb8 14. Rac1 b6 15. Bf4 Qa7 16. Ne5 Bb7 17. Nc6 Bxc6 18. Qxc6 Rac8 19. Qa4 Nc5 20. dxc5 Rxd3 21. cxb6 Qxb6 22. Nd5 Nxd5 23. Rxc8+ Bf8 24. Qe8 1-0

[Event "Ostend op"]
[Site "Ostend"]
[Date "1993.??.??"]
[Round "8"]
[White "Van de Bourry, Daniel"]
[Black "Luyks, Marinus"]
[Result "1-0"]
[WhiteElo "2215"]
[BlackElo "2140"]
[PlyCount "57"]
[EventDate "1993.09.??"]
[EventType "swiss"]
[EventRounds "9"]
[EventCountry "BEL"]
[SourceTitle "TD"]
[Source "ChessBase"]
[SourceDate "1994.03.01"]
[SourceVersion "1"]
[SourceVersionDate "1994.03.01"]
[SourceQuality "1"]

1. e4 e5 2. f4 exf4 3. Bc4 Nf6 4. Nc3 d6 5. Nf3 Bg4 6. 0-0 Nc6 7. d4 g5 8. Qd3 h6 9. a3 Bg7 10. b4 0-0 11. Bb2 Bh5 12. b5 Ne7 13. e5 Ng4 14. exd6 Qxd6 15. Ne4 Qb6 16. h4 Ne3 17. hxg5 Nxf1 18. Rxf1 Bg6 19. gxh6 Bxh6 20. Ne5 Rad8 21. c3 Bg7 22. Nxg6 Nxg6 23. Qh3 Bf6 24. Qh6 Bh4 25. Bd3 f5 26. Bc4+ Rf7 27. Nc5 Re8 28. Bxf7+ Kxf7 29. Qh7+ 1-0

[Event "Ostend op"]
[Site "Ostend"]
[Date "1993.??.??"]
[Round "2"]
[White "Van de Bourry, Daniel"]
[Black "Steinbacher, Matthias"]
[Result "0-1"]
[WhiteElo "2215"]
[BlackElo "2385"]
[PlyCount "50"]
[EventDate "1993.09.??"]
[EventType "swiss"]
[EventRounds "9"]
[EventCountry "BEL"]
[SourceTitle "TD"]
[Source "ChessBase"]
[SourceDate "1994.03.01"]
[SourceVersion "1"]
[SourceVersionDate "1994.03.01"]
[SourceQuality "1"]

1. e4 c5 2. Nf3 d6 3. d4 cxd4 4. Nxd4 Nf6 5. Nc3 a6 6. Bc4 e6 7. Bb3 b5 8. 0-0 Be7 9. Qf3 Qb6 10. Be3 Qb7 11. Rad1 0-0 12. Rfe1 Nbd7 13. Qg3 Re8 14. Nd5 exd5 15. Nf5 g6 16. Nh6+ Kf8 17. Rxd5 Nc5 18. Rxc5 dxc5 19. Bxf7 Qxe4 20. f3 Qxc2 21. Qc7 Bd7 22. Bb3 Qd3 23. Ng4 c4 24. Bh6+ Kg8 25. Ne5 Bd6 0-1